بداية ونهاية / (Record no. 3714)
[ view plain ]
| 000 -الفاتح | |
|---|---|
| حقل البيانات ثابتة الطول | 00433nac a22001331u 4500 |
| 008 - عناصر البيانات ثابتة الطول - معلومات عامة | |
| حقل البيانات ثابتة الطول | 081013s ua|||||r|||| 000 f ara d |
| 020 ## - الرقم الدولى المعيارى للكتب | |
| الرقم الدولى المعيارى للكتاب | 9773161285 |
| 082 ## - رقم تصنيف ديوى العشرى | |
| رقم التصنيف | 813.962 |
| رقم المادة | م ح ف |
| 245 ## - بيان العنوان | |
| العنوان | بداية ونهاية / |
| بيان المسئوليه,etc | نجيب محفوظ |
| 260 ## - PUBLICATION, DISTRIBUTION, ETC. (IMPRINT) | |
| مكان الناشر او الموزع | القاهرة : |
| اسم الناشر او الموزع | مكتبة مصر , [199?] |
| تاريخ النشر أو التوزيع | [199?] |
| 300 ## - الوصف المادى | |
| التعداد | 373 ص ؛ |
| أبعاد الوعاء | 16 سم . |
| 490 ## - بيان السلسلة | |
| -- | 22243 |
| عنوان السلسلة | مطبوعات مكتبة مصر |
| 942 ## - عناصر المدخل الإضافي( كوها) | |
| Koha [default] item type | Book - Borrowing |
| سابقة رقم الطلب | 813.962م ح ف |
| مصدر التصنيف او مخطط الترفيف | Dewey Decimal Classification |
| حالة التراجع | حالة الفقد | مصدر التصنيف او خطة الترفيف | حالة تلف | ليس للاعارة | مجموعات كوها | المكان الدائم | المكان الحالي | موقع الترفيف | تاريخ الاكتساب | Source of acquisition | سعر الشراء الطبيعي | رقم الاستدعاء | الباركود | Date last checked out | Date last seen | مُعار | التكلفة | نوع الوعاء |
|---|---|---|---|---|---|---|---|---|---|---|---|---|---|---|---|---|---|---|
| Dewey Decimal Classification | Central Library | Central Library | Second Floor | 07/05/2007 | 10.00 | 813.962م ح ف | 000030545 | 25/03/2020 | 17/02/2020 | 17/02/2020 | 12.50 | Book - Borrowing |